Ultrasonic engineering.
Gardado en:
| Autor Principal: | |
|---|---|
| Formato: | Libro |
| Idioma: | inglés |
| Publicado: |
New York, USA
John Wiley
1965
|
| Subjects: | |
| Tags: |
Engadir etiqueta
Sen Etiquetas, Sexa o primeiro en etiquetar este rexistro!
|
MARC
| LEADER | 00000nam a2200000 a 4500 | ||
|---|---|---|---|
| 001 | UCU4248 | ||
| 003 | CL-VaPUC | ||
| 005 | 20250115112932.0 | ||
| 008 | 960517e19650000US |||||||||||||||||eng|d | ||
| 999 | |c 248031 |d 248029 | ||
| 040 | |c Pontificia Universidad Católica de Valparaíso | ||
| 082 | 0 | 4 | |a 620.28 FRE 1965 |2 21 |
| 100 | 0 | |a Frederick, Julian R |9 361768 | |
| 245 | 1 | 0 | |a Ultrasonic engineering. |
| 260 | 0 | 3 | |a New York, USA |b John Wiley |c 1965 |
| 300 | |a 379 páginas | ||
| 583 | |a last modification |c 20170531 09:55:10 |k Rodrigo Vera | ||
| 650 | 7 | |a ULTRASONIDOS |2 CL-VaPUC |9 361769 | |
| 650 | 0 | |a Ondas sonoras |9 322250 | |
| 650 | 0 | |a Acústica |9 265389 | |
| 650 | 0 | |a Propagación de ondas |9 263256 | |
| 650 | 7 | |a ENERGIA SONORA |2 CL-VaPUC |9 361770 | |
| 942 | |c BK |2 ddc | ||
| 945 | |d 19960517 00:00:00 |a lriquelm | ||
| 952 | |0 0 |1 0 |2 ddc |4 0 |6 620_280000000000000_FRE_1965 |7 0 |8 A |9 264362 |a BIBING |b BIBING |d 2019-11-19 |i 1662368 |o 620.28 FRE 1965 |p 1662368 |r 2025-01-20 |t 1 |w 2019-11-19 |y BK |k EIE | ||